000128688 001__ 128688
000128688 005__ 20231213131034.0
000128688 037__ $$aTAZ-TFM-2022-061
000128688 041__ $$aspa
000128688 1001_ $$aRaquel Pellicer Sales
000128688 24200 $$aEfficacy of adapted DBT program for treating Borderline Personality Disorder and Substance Use Disorder: Preliminary results
000128688 24500 $$aEficacia de un programa de DBT adaptada para tratar el Trastorno Límite de la Personalidad y el Trastorno por Consumo de Sustancias: Resultados preliminares
000128688 260__ $$aZaragoza$$bUniversidad de Zaragoza$$c2022
000128688 506__ $$aby-nc-sa$$bCreative Commons$$c3.0$$uhttp://creativecommons.org/licenses/by-nc-sa/3.0/
000128688 520__ $$aEl trastorno límite de la personalidad (TLP) y el trastorno por consumo de sustancias (TCS), co-ocurren con frecuencia y esta comorbilidad implica una alta gravedad clínica. La terapia dialectico conductual (DBT) ha demostrado ser eficaz para el tratamiento del TLP y esta terapia también se adaptó para tratar TLP y TCS conjuntamente dando lugar a la Terapia Dialéctica Conductual para el Trastorno por Uso de Sustancia. Esta terapia tiene buenos resultados de eficacia aunque se necesitan más replicaciones. Además, en nuestro país, no se conocen estudios publicados sobre la eficacia de la DBT-SUD. La presente investigación tiene como objetivo estudiar la eficacia preliminar de la DBT-SUD en un grupo de pacientes con TLP y TCS conjuntamente. Los 4 participantes (edad media de 39,5 años y desviación típica de 6,5) recibieron un programa de tratamiento individual y grupal de DBT-SUD durante 25 semanas en un centro clínico especializado en trastornos de la personalidad. Los resultados preliminares sugieren que la intervención ha sido eficaz en los cuatro pacientes que recibieron terapia en un contexto natural. Después de la intervención se observó una disminución en la desregulación emocional, la impulsividad, el consumo de alcohol y drogas. Son necesarios estudios con muestras más grandes y que incluyan un grupo control para generalizar estos resultados.<br /><br />
000128688 521__ $$aMáster Universitario en Psicología General Sanitaria
000128688 540__ $$aDerechos regulados por licencia Creative Commons
000128688 700__ $$aDra. María Vicenta Navarro Haro$$edir.
000128688 7102_ $$aUniversidad de Zaragoza$$bPsicología y Sociología$$cPersonalidad,Evaluación y Tratamiento Psicológicos
000128688 8560_ $$f750537@unizar.es
000128688 8564_ $$s1867093$$uhttps://zaguan.unizar.es/record/128688/files/TAZ-TFM-2022-061.pdf$$yMemoria (spa)
000128688 909CO $$ooai:zaguan.unizar.es:128688$$pdriver$$ptrabajos-fin-master
000128688 950__ $$a
000128688 951__ $$adeposita:2023-12-13
000128688 980__ $$aTAZ$$bTFM$$cFCSH
000128688 999__ $$a20220211143510.CREATION_DATE